[Event "FIDE Chesscom Grand Swiss 2021"]
[Site "Riga"]
[Date "2021.10.30"]
[Round "4.54"]
[White "Budisavljevic, Luka"]
[Black "Suleymanli, Aydin"]
[Result "1/2-1/2"]
[WhiteElo "2508"]
[BlackElo "2541"]
[Annotator "TA"]
[PlyCount "63"]
[EventDate "2021.10.27"]
[EventType "swiss"]
[EventCountry "LAT"]
[Tiebreak "Cut1 Buchholz+Sonneborn-Berger (Swiss)"]
[SourceTitle "playchess.com"]
[Source "ChessBase"]
[SourceQuality "1"]

{[%evp 24,63,91,105,90,24,25,8,8,2,11,0,0,7,3,-12,0,-4,26,23,23,23,23,23,23,23,
23,23,23,23,36,23,23,11,28,28,28,28,32,32,36,31]} 1. d4 d5 2. Nf3 Nf6 3. e3 c6
4. c4 e6 5. Bd3 Nbd7 6. O-O Bd6 7. Nbd2 O-O 8. e4 dxe4 9. Nxe4 Nxe4 10. Bxe4
Nf6 11. Bc2 c5 12. Qd3 cxd4 13. Bg5 ({Much weaker is} 13. Nxd4 $6 Bc5 $11)
13... Re8 {[#] D46: Semi-Slav: 5 e3 Nbd7 6 Bd3, Black avoids the Meran.} 14.
Qxd4 $146 (14. Nxd4 $16 {aiming for Rad1.} g6 15. Nb5) ({Predecessor:} 14. Nxd4
Bxh2+ 15. Kh1 Be5 16. Bxf6 Qxf6 17. Qxh7+ Kf8 18. Nf3 Bd7 19. Rae1 Bc7 20. c5
Ke7 21. Qd3 Rh8+ 22. Kg1 Qh6 {0-1 (22) Zhao,S (2183)-Zhang,L (2183) Shenzhen
2017}) 14... e5 $11 15. Qh4 {[#] Strongly threatening Bxh7+!} h6 {The position
is equal.} 16. Bxf6 Qxf6 17. Qxf6 gxf6 18. Rad1 Bc5 19. b3 a5 20. Nh4 Bd4 21.
a4 Ra6 22. Be4 Rd6 23. Rd3 Red8 {Threatening ...Bxf2+!} 24. Rfd1 Kf8 25. Kf1 b6
26. h3 Ke7 27. Ke2 Bc5 28. Rxd6 Bxd6 29. Nf5+ Bxf5 30. Bxf5 Bb4 31. Rxd8 Kxd8
32. g4 {Black took control after the opening.  Weighted Error Value: White=0.
10/Black=0.04} 1/2-1/2

[Event "FIDE Chesscom Grand Swiss 2021"]
[Site "Riga"]
[Date "2021.10.31"]
[Round "5.1"]
[White "Firouzja, Alireza"]
[Black "Vachier-Lagrave, Maxime"]
[Result "1/2-1/2"]
[WhiteElo "2770"]
[BlackElo "2763"]
[Annotator "TA"]
[PlyCount "61"]
[EventDate "2021.10.27"]
[EventType "swiss"]
[EventCountry "LAT"]
[Tiebreak "Cut1 Buchholz+Sonneborn-Berger (Swiss)"]
[SourceTitle "playchess.com"]
[Source "ChessBase"]
[SourceQuality "1"]

{[%evp 14,61,9,0,0,0,2,0,0,5,6,0,14,18,25,16,12,23,25,0,0,0,5,8,5,6,8,13,17,0,
33,26,28,10,25,10,10,8,12,14,9,14,14,12,14,0,0,0,0,0]} 1. e4 c5 2. Nf3 d6 3. d4
cxd4 4. Nxd4 Nf6 5. Nc3 a6 6. a4 e5 7. Nf3 Be7 $1 {7...Be7 scores better than
7...Qc7.} 8. Bg5 Be6 {B90: Sicilian Najdorf: Unusual White 6th moves, 6 Be3
Ng4 and 6 Be3 e5.} 9. Bxf6 Bxf6 10. Nd5 Nd7 11. Bc4 Rc8 12. b3 Nb6 (12... Qa5+
{keeps more tension.} 13. b4 Qd8 14. Qd3 Nb6 15. Nxf6+ Qxf6 16. Bxe6 Qxe6 17.
O-O O-O) 13. Nxf6+ Qxf6 14. Bxe6 Qxe6 15. O-O O-O 16. c4 Nd7 {[%cal Bb6d7,
Bd7c5,Bc5d3,Bd3f4][%mdl 32] [#]} 17. Nd2 $146 ({Predecessor:} 17. a5 Nc5 18.
Re1 f5 19. exf5 Qxf5 20. Qd5+ Kh8 21. Re3 Qf6 22. Rf1 Rc6 23. Nd2 {1-0 (40)
Saltaev,M (2480)-Runte,M (2133) Dortmund 2021}) 17... Nc5 18. Re1 f5 19. exf5
Qxf5 20. f3 Nd3 21. Rf1 Rfd8 22. Ne4 Nf4 23. Ra2 d5 24. cxd5 Rxd5 {The
position is equal.} 25. Rd2 Rcd8 {[#] Strongly threatening ...Rxd2.} 26. Rxd5
Rxd5 27. Qc2 Qd7 28. Rc1 h6 29. Qc8+ Kh7 {[#] Hoping for ...Rd1+.} 30. Qxd7
Rxd7 31. Kf1 {Not much happened in this game.  Weighted Error Value: White=0.
03/Black=0.03} 1/2-1/2

[Event "FIDE Chesscom Grand Swiss 2021"]
[Site "Riga"]
[Date "2021.10.31"]
[Round "5.2"]
[White "Tari, Aryan"]
[Black "Yu, Yangyi"]
[Result "1/2-1/2"]
[WhiteElo "2646"]
[BlackElo "2704"]
[Annotator "TA"]
[PlyCount "138"]
[EventDate "2021.10.27"]
[EventType "swiss"]
[EventCountry "LAT"]
[Tiebreak "Cut1 Buchholz+Sonneborn-Berger (Swiss)"]
[SourceTitle "playchess.com"]
[Source "ChessBase"]
[SourceQuality "1"]

{[%evp 14,138,41,38,38,34,36,26,36,38,43,37,43,44,53,35,36,33,34,14,12,18,20,
16,18,13,21,20,31,3,16,-10,-6,0,0,-10,0,-13,0,0,3,0,7,-4,0,0,0,-19,-18,-27,-3,
-11,-8,-12,-10,-12,0,-10,-3,-18,0,0,0,-11,0,0,0,0,0,0,0,-3,0,-16,-10,-39,-16,
-21,-24,-24,-14,-12,-11,-17,-2,-43,-43,-43,-42,-43,-8,-8,-8,-8,-8,-8,-8,-8,-8,
-8,-8,-8,-8,-8,-8,-8,-8,-8,-8,-8,-8,-8,-8,-8,-8,-244,-8,-8,-8,-8,-8,-8,-8,-8,
-8,-8,-8]} 1. e4 e5 2. Nf3 Nf6 3. Nxe5 d6 4. Nf3 Nxe4 5. d4 d5 6. Bd3 Nc6 7.
O-O Be7 8. Nbd2 $1 {[%mdl 4] is currently scoring better than 8.c4.} Nd6 {
C42: Petroff Defence: 3 Nxe5 and unusual White 3rd moves.} 9. c3 Bf5 10. Bc2
O-O {White has an edge.} 11. Bb3 {[#]} Ne8 $146 ({Predecessor:} 11... Be6 12.
Re1 Bf6 13. Nf1 Ne7 14. Ng3 Ng6 15. Bc2 Re8 16. Nh5 Bg4 17. Rxe8+ Nxe8 {
1/2-1/2 (35) Semmler,R (2364)-Simeonov,L (2312) ICCF email 2018}) 12. Re1 Bd6
13. Nf1 Ne7 14. Nh4 {Black must now prevent Rxe7!} Bd7 15. Bc2 c6 16. Ng3 g6
17. Bh6 Ng7 18. Qd2 f6 19. Re3 Qc7 20. Rae1 Rae8 21. Nf3 Nc8 22. Rxe8 (22. Nf1
{keeps more tension.} Rxe3 23. Nxe3 Re8 24. Bd3 Qd8 25. Qc1) 22... Rxe8 23.
Rxe8+ Bxe8 24. Ne2 Bd7 25. h4 Bg4 26. Ne1 Nf5 27. Bxf5 Bxf5 28. Bf4 (28. b3 {
is more complex.} Ne7 29. g3 Bc8 30. Bf4 Nf5 31. Bxd6 Qxd6 32. Nf4) 28... Bxf4
29. Nxf4 Nd6 30. Ned3 Qe7 31. b3 h6 32. f3 g5 33. hxg5 hxg5 34. Ne2 Kg7 35. g4
Bg6 36. Kf2 a5 37. Ng3 Kf7 (37... Kf8 {looks sharper.} 38. Nc5 b6 39. Na4 b5
40. Nc5 Nb7) 38. a4 (38. Nc5 {is interesting.} Ke8 39. Na4 Kd8 40. c4 dxc4 41.
Qxa5+ Ke8 42. d5) 38... Ke8 (38... Qf8 {feels hotter.} 39. Qe2 Qh8 40. Ne1 Ne8
41. Qe3 Qf8) 39. Qe3 b6 40. Qxe7+ Kxe7 $11 {[%mdl 4096] Endgame KBN-KNN} 41.
Ke3 Nb7 42. Nf1 c5 43. Nd2 Kd6 44. Ne1 Nd8 45. f4 gxf4+ 46. Kxf4 Ne6+ 47. Ke3
Kc6 48. Nd3 Bh7 49. Nf4 Nxf4 {[%mdl 64] [#] Overworked Piece} 50. Kxf4 cxd4 51.
cxd4 $15 {KB-KN} b5 {And now ...bxa4 would win.} 52. g5 $1 {[%cal Rg5f6]} fxg5+
53. Kxg5 Bc2 54. Kf4 $1 bxa4 55. bxa4 Bxa4 56. Nb1 Bc2 57. Na3 Be4 {Threatens
to win with ...a4.} 58. Ke3 $1 Kb6 59. Kd2 a4 (59... Bf5 {with more
complications.} 60. Kc3 Kb7 61. Nc4 dxc4 62. Kxc4 Be6+) 60. Kc3 Ka5 {[#]
aiming for ...Bf5.} 61. Nc4+ dxc4 62. Kxc4 $11 {KB-KP} Bd5+ 63. Kc3 a3 64. Kc2
Ba2 $2 (64... Kb4 $19 65. Kb1 Bh1) 65. d5 $1 {The position is equal.} Kb5 66.
d6 {Strongly threatening d7.} Kc6 67. Kc3 Be6 68. Kc2 Kxd6 {( -> ...Ba2)} 69.
Kb1 Kc5 {Weighted Error Value: White=0.05/Black=0.05} 1/2-1/2

[Event "FIDE Chesscom Grand Swiss 2021"]
[Site "Riga"]
[Date "2021.10.31"]
[Round "5.3"]
[White "Ponkratov, Pavel"]
[Black "Sevian, Samuel"]
[Result "1/2-1/2"]
[WhiteElo "2659"]
[BlackElo "2654"]
[Annotator "TA"]
[PlyCount "44"]
[EventDate "2021.10.27"]
[EventType "swiss"]
[EventCountry "LAT"]
[Tiebreak "Cut1 Buchholz+Sonneborn-Berger (Swiss)"]
[SourceTitle "playchess.com"]
[Source "ChessBase"]
[SourceQuality "1"]

{[%evp 17,44,0,10,0,0,0,7,0,0,0,7,-27,0,0,0,0,0,0,0,0,0,0,0,0,0,0,0,0,0]} 1. d4
Nf6 2. c4 e6 3. Nf3 d5 4. g3 dxc4 5. Bg2 c5 6. O-O Nc6 7. Ne5 Bd7 8. Na3 cxd4
9. Naxc4 Be7 {9...Bc5 is vanishing.} 10. Qb3 {E04: Open Catalan: 5 Nf3.} Qc7 $1
{The main line 10...Qc7 scores better than 10...Qc8.} 11. Bf4 Nh5 12. Nxc6 Nxf4
13. Nxe7 Nxg2 14. Rfd1 {[#]} Qc5 {[#]} 15. Rac1 $146 {[%cal Ba1c1,Bc1c5,Bc5a5]
[%mdl 32] The position is equal.} (15. Qxb7 Kxe7) ({Predecessor:} 15. Qxb7 Kxe7
16. Rac1 Rac8 17. Qxg2 Bc6 18. Qh3 Rhd8 19. Qh4+ g5 20. Qxh7 Qd5 21. f3 {
1/2-1/2 (32) Teske,H (2545)-L'Ami,E (2606) Germany 2010}) 15... Kxe7 16. Nd2
Qb6 17. Qa3+ Qd6 18. Rc5 $1 Qa6 {[#] aiming for ...Qxa3.} 19. Ra5+ Qd6 {
White must now prevent ...Qxa3.} 20. Rc5 Qa6 {...Qxa3 is the strong threat.}
21. Ra5+ Qd6 {Strongly threatening ...Qxa3.} 22. Rc5 $1 Qa6 {An uneventful
encounter.  Weighted Error Value: White=0.03/Black=0.02} 1/2-1/2

[Event "FIDE Chesscom Grand Swiss 2021"]
[Site "Riga"]
[Date "2021.10.31"]
[Round "5.4"]
[White "Saric, Ivan"]
[Black "Shirov, Alexei"]
[Result "0-1"]
[WhiteElo "2644"]
[BlackElo "2659"]
[Annotator "TA"]
[PlyCount "60"]
[EventDate "2021.10.27"]
[EventType "swiss"]
[EventCountry "LAT"]
[Tiebreak "Cut1 Buchholz+Sonneborn-Berger (Swiss)"]
[SourceTitle "playchess.com"]
[Source "ChessBase"]
[SourceQuality "1"]

{[%evp 17,60,36,52,15,22,19,35,12,10,0,0,0,3,12,23,14,11,0,0,-25,-35,-21,-29,
-37,-45,-213,-236,-235,-232,-349,-372,-436,-411,-465,-465,-705,-699,-697,-697,
-687,-689,-919,-870,-29976,-1137]} 1. e4 e5 2. Nf3 Nc6 3. Bb5 a6 4. Ba4 Nf6 5.
O-O b5 6. Bb3 Bc5 7. c3 d6 8. a4 {[%cal Ba2a4,Ba4a5][%mdl 32]} Rb8 9. d4 Bb6
10. a5 {C78: Ruy Lopez: Archangelsk and Möller Defences.} Ba7 ({Don't blunder} 
10... Bxa5 $2 11. dxe5 (11. d5 Ne7 $18) 11... dxe5 12. Qxd8+ Kxd8 13. Bd5 $18 (
13. Bxf7 Bb6 $16)) 11. h3 Bb7 12. Be3 {d5 is the strong threat.White is
slightly better.} Nxe4 13. Re1 exd4 14. cxd4 {Hoping for d5.} d5 15. Nbd2 {
Black must now prevent Nxe4.} Ne7 16. Nxe4 dxe4 {[#]} 17. Ne5 $146 ({
Predecessor:} 17. Ng5 Bd5 18. Bxd5 Qxd5 19. Rc1 Qd7 20. Qh5 g6 21. Qh4 f5 22.
Bf4 Nd5 23. Be5 {1-0 (29) Ter Sahakyan,S (2640)-Sargsyan,S (2596) Yerevan 2021}
) 17... O-O 18. Qg4 Bd5 ({Don't play} 18... Bxd4 19. Bxd4 Qxd4 20. Nd7 $14) 19.
Bxd5 Qxd5 20. Rac1 c5 {[%mdl 64] Deflection} ({Much worse is} 20... Bxd4 $6 21.
Bxd4 Qxd4 22. Nd7 $16) 21. dxc5 {Loses the game.} (21. Qd7 $15 cxd4 22. Qxe7
dxe3 23. fxe3) 21... Qxe5 $19 22. Bf4 Qxb2 {And now ...Rbd8 would win.} 23. Qd7
(23. Bxb8 $142 Bxb8 24. Qxe4) 23... Ng6 24. Bd6 {[#]} e3 $1 25. Rf1 (25. Qf5
exf2+) 25... exf2+ 26. Kh1 {[#]} (26. Kh2 $142 Ra8 27. Bxf8 Nxf8 28. Qb7 Qe5+
29. g3) 26... Rbe8 $1 {Threatens to win with ...Qxc1!} 27. Rcd1 Bb8 28. Bxf8
Kxf8 29. g3 Bxg3 30. c6 Qc2 {Weighted Error Value: White=0.90/Black=0.03} (
30... Qc3 $142 31. Qd3 Qxc6+ 32. Qd5 Qxd5+ 33. Rxd5 Nf4 {[%mdl 64] Double
Attack} 34. Rd7 Re1 35. Rd8+ Ke7 36. Rd1 Kf8 37. Rd8+ Ke7 38. Rd1 Bh4 39.
Rdxe1+ fxe1=Q 40. Rxe1+ Bxe1 41. Kh2 b4 42. h4 Bxh4 43. Kh1 b3 44. Kg1 Bg3 45.
Kf1 b2 46. Kg1 b1=Q#) 0-1

[Event "FIDE Chesscom Grand Swiss 2021"]
[Site "Riga"]
[Date "2021.10.31"]
[Round "5.5"]
[White "Hovhannisyan, Robert"]
[Black "Najer, Evgeniy"]
[Result "0-1"]
[WhiteElo "2622"]
[BlackElo "2654"]
[Annotator "TA"]
[PlyCount "96"]
[EventDate "2021.10.27"]
[EventType "swiss"]
[EventCountry "LAT"]
[Tiebreak "Cut1 Buchholz+Sonneborn-Berger (Swiss)"]
[SourceTitle "playchess.com"]
[Source "ChessBase"]
[SourceQuality "1"]

{[%evp 12,96,12,14,54,53,18,0,0,0,0,0,0,0,0,0,25,0,10,0,0,0,0,0,0,-8,0,0,0,0,
42,0,0,0,0,0,0,-38,-37,-37,-43,-45,-39,-131,-104,-104,-104,-106,-103,-102,-101,
-101,-101,-110,-112,-112,-108,-162,-162,-177,-177,-177,-165,-185,-179,-241,
-220,-5281,-2308,-1854,-1727,-12830,-12831,-12830,-12830,-12834,-5477,-12836,
-12836,-12837,-12837,-12839,-12839,-12842,-12843,-12844,-12843]} 1. e4 c5 2.
Nf3 d6 3. d4 cxd4 4. Nxd4 Nf6 5. Nc3 a6 6. Bg5 Nbd7 7. Bc4 {7.Qe2 is setting a
new trend.} Qb6 {B94: Sicilian Najdorf: 6 Bg5 Nbd7.} (7... e6 {keeps more
tension.} 8. O-O Qa5 9. Qd2 h6 10. Bh4 b5) 8. Bb3 $1 e6 9. Bxf6 Nxf6 {The
position is equal.} 10. Qd2 {10.f4 is vanishing.} Nd7 11. O-O-O Nc5 12. f4 Bd7
13. f5 O-O-O 14. Kb1 {[#]} Kb8 $146 ({Predecessor:} 14... g6 15. fxe6 fxe6 16.
Qe3 Qa5 17. Qg3 Qc7 18. Rhf1 Bg7 19. Rf7 Be5 20. Qe3 Qa5 21. Nce2 Rdf8 22.
Rxf8+ Rxf8 23. Nf3 Bg7 24. Rxd6 {1/2-1/2 (24) Fischer,W (2437)-Williamson,H 
(2503) ICCF email 2019}) 15. Qe3 Nxb3 16. cxb3 Be7 17. Qg3 Bf6 18. Nf3 Bc8 19.
fxe6 Bxe6 20. Rd3 Rd7 21. Na4 Qb4 22. a3 Qa5 ({Much weaker is} 22... Qxe4 $6
23. Nc5 $16) 23. Rxd6 Rc7 24. Rd3 {[#] Hoping for Rc1.} Bxb3 $1 {[%mdl 64]
Remove Defender} 25. Rxb3 Qxa4 {[%mdl 64] Double Attack} 26. Nd2 Qd4 27. Qd3 {
Black keeps a firm grip on the game.} (27. Qe3 $1 $15) 27... Rd8 $36 {[%mdl
2048] Black has strong initiative.} 28. Qxd4 Rxd4 29. e5 {[%mdl 64] Decoy} Bxe5
30. Nf3 Rd5 31. Nxe5 Rxe5 $17 {[%mdl 4096] Endgame KRR-KRR} 32. h4 Rce7 33.
Rhh3 Re4 34. Rhg3 (34. h5 $17 {is a better defense.}) 34... f6 $19 ({Much less
strong is} 34... Rxh4 35. Rxg7 h5 36. g3 $15) 35. h5 Rh4 $1 36. Rh3 Rxh3 37.
Rxh3 {[#] KR-KR} Re5 $1 38. Rg3 {[#]} (38. Kc1 $142) 38... Rg5 $1 {[%cal Rg5g3]
} ({Less strong is} 38... Rxh5 39. Rxg7 Ka7 40. Rf7 $17) 39. Rxg5 (39. Rh3)
39... fxg5 {KP-KP. Black is clearly winning.} 40. Kc2 Kc7 41. Kd3 Kd6 42. Kd4
h6 43. a4 Ke6 44. a5 g6 45. hxg6 Kf6 46. b4 h5 47. b5 axb5 48. Kc5 h4 {
Weighted Error Value: White=0.58/Black=0.04} 0-1

[Event "FIDE Chesscom Grand Swiss 2021"]
[Site "Riga"]
[Date "2021.10.31"]
[Round "5.6"]
[White "Petrosyan, Manuel"]
[Black "Nihal Sarin"]
[Result "1/2-1/2"]
[WhiteElo "2605"]
[BlackElo "2652"]
[Annotator "TA"]
[PlyCount "76"]
[EventDate "2021.10.27"]
[EventType "swiss"]
[EventCountry "LAT"]
[Tiebreak "Cut1 Buchholz+Sonneborn-Berger (Swiss)"]
[SourceTitle "playchess.com"]
[Source "ChessBase"]
[SourceQuality "1"]

{[%evp 14,76,21,21,21,21,14,14,17,14,14,23,14,18,16,14,8,9,22,22,22,7,30,36,27,
4,18,5,12,5,10,0,8,0,0,0,0,-3,-3,0,0,-4,-4,0,0,-4,0,-12,0,0,0,0,0,-46,0,0,0,0,
0,0,0,0,0,0,0]} 1. Nf3 d5 2. g3 g6 3. Bg2 Bg7 4. d4 Nf6 5. O-O O-O 6. c4 dxc4
7. Na3 c5 8. dxc5 c3 {D77: Fianchetto Grünfeld: 6 0-0: Replies other than 6...
c6.} 9. Nb5 Na6 {[%cal Bb8a6,Ba6c5,Bc5e4][%mdl 32]} 10. Nxc3 Nxc5 11. Be3 {
[#] Black must now prevent Qxd8.} Nfe4 12. Nxe4 Nxe4 13. Bd4 Bxd4 {[#]} 14.
Nxd4 $146 ({Predecessor:} 14. Qxd4 Qxd4 15. Nxd4 Nd6 16. f4 Rd8 17. Rac1 Bg4
18. Kf2 Rac8 19. b3 Kg7 20. Rfd1 {1/2-1/2 (39) Abasov,N (2638)-Nihal,S (2652)
Toledo 2021}) 14... Nd6 15. Qb3 Qa5 16. Qe3 Re8 17. Rfc1 e5 18. Nb3 Qb6 19.
Qxb6 axb6 20. Bd5 Kf8 21. a3 Bf5 22. f3 Rac8 23. Kf2 Ke7 24. Nd2 Red8 25. e4
Be6 26. Bxe6 Kxe6 27. Ke3 b5 28. Rxc8 Rxc8 $11 {[%mdl 4096] Endgame KRN-KRN}
29. Kd3 f5 30. Re1 f4 (30... h5 {with more complications.} 31. h4 Rd8 32. Kc3
Ra8 33. Kc2 Ra6) 31. g4 Nc4 32. Nxc4 bxc4+ {KR-KR} 33. Ke2 Rd8 34. Rc1 {
The position is equal.} Rd4 35. b3 Rd3 36. bxc4 Rxa3 37. Rb1 Ra2+ 38. Kf1 Rxh2
{Weighted Error Value: White=0.04/Black=0.03} 1/2-1/2

[Event "FIDE Chesscom Grand Swiss 2021"]
[Site "Riga"]
[Date "2021.10.31"]
[Round "5.7"]
[White "Caruana, Fabiano"]
[Black "Howell, David W L"]
[Result "1-0"]
[WhiteElo "2800"]
[BlackElo "2658"]
[Annotator "TA"]
[PlyCount "68"]
[EventDate "2021.10.27"]
[EventType "swiss"]
[EventCountry "LAT"]
[Tiebreak "Cut1 Buchholz+Sonneborn-Berger (Swiss)"]
[SourceTitle "playchess.com"]
[Source "ChessBase"]
[SourceQuality "1"]

{[%evp 12,68,16,0,0,0,0,0,0,0,0,0,0,0,0,0,12,0,0,0,0,0,0,0,0,0,13,10,85,70,70,
87,101,71,92,73,76,87,102,109,102,75,144,150,445,438,409,389,1556,1359,2232,
1893,12821,12818,12816,12822,12375,6407,2294]} 1. e4 e5 2. Nf3 Nc6 3. Bb5 Nf6
4. d3 Bc5 5. c3 O-O 6. O-O d6 7. Bg5 h6 {C65: Ruy Lopez: Berlin Defence (3...
Nf6), unusual lines and 4 0-0 Bc5.} 8. Bh4 g5 9. Bg3 Nh5 {The position is
equal.} 10. Nbd2 Qf6 {10...Qf6 was played by the boomers.} 11. Bxc6 $5 {
[%mdl 4] An interesting side line.} bxc6 12. d4 exd4 13. e5 Qg7 14. cxd4 Bb6 {
[#]} 15. a4 $146 {And now a5 would win.} ({Predecessor:} 15. Qa4 f5 16. exf6
Nxf6 17. Qxc6 Rb8 18. Qc2 Bb7 19. Rad1 Bd5 20. Rfe1 Rbe8 21. Qd3 {1/2-1/2 (68)
Ter Sahakyan,S (2567)-Schreiner,P (2444) Athens 2012}) 15... a5 16. Nc4 Be6 17.
Rc1 Nxg3 18. hxg3 Bxc4 19. Rxc4 Rad8 (19... c5 $11 {remains equal.}) 20. Re1
$16 ({Much worse is} 20. Rxc6 dxe5 21. Qd3 Rfe8 $15) 20... Rfe8 {Black wants
to play ...dxe5.} 21. exd6 ({Much weaker is} 21. Rxc6 dxe5 22. Nd2 Bxd4 $11)
21... Rxe1+ 22. Qxe1 {dxc7 is the strong threat.} Rxd6 {[#]} 23. Rxc6 $1 {
[%mdl 64] Decoy} Rxc6 (23... Qf8 24. Rxd6) 24. Qe8+ {[%mdl 64] Double Attack}
Kh7 25. Qxc6 Qg6 26. Qd7 Kg7 (26... Qb1+ $142 27. Kh2 Qg6) 27. Ne5 Qe6 {
[#] Loses the game.} (27... Qf6 $16 28. Nc6 Qg6) 28. Qxe6 $1 $18 fxe6 {[%mdl
4096] Endgame KB-KN} 29. Nc4 Kf6 $2 (29... Bxd4 30. Nxa5 Bxb2) 30. Nxb6 {
White is clearly winning.} cxb6 31. g4 e5 32. dxe5+ Kxe5 33. g3 Kd4 34. f4 Kd5
{Weighted Error Value: White=0.02/Black=0.27} 1-0

[Event "FIDE Chesscom Grand Swiss 2021"]
[Site "Riga"]
[Date "2021.10.31"]
[Round "5.8"]
[White "Oparin, Grigoriy"]
[Black "Aronian, Levon"]
[Result "1/2-1/2"]
[WhiteElo "2654"]
[BlackElo "2782"]
[Annotator "TA"]
[PlyCount "60"]
[EventDate "2021.10.27"]
[EventType "swiss"]
[EventCountry "LAT"]
[Tiebreak "Cut1 Buchholz+Sonneborn-Berger (Swiss)"]
[SourceTitle "playchess.com"]
[Source "ChessBase"]
[SourceQuality "1"]

{[%evp 16,60,0,0,0,0,5,0,0,0,49,0,3,0,11,16,9,0,0,0,0,0,0,0,0,0,0,0,0,0,0,0,0,
0,0,0,0,0,0,0,0,0,0,0,0,0,0]} 1. e4 e5 2. Nf3 Nf6 3. d4 Nxe4 4. Bd3 d5 5. Nxe5
Nd7 6. Nc3 Nxc3 7. bxc3 Bd6 {The modern move.} 8. O-O O-O 9. Re1 c5 {C43:
Petroff Defence: 3 d4.} 10. Nxd7 Qxd7 11. dxc5 Bxc5 12. Qh5 {[%csl Gd3][%cal
Rh5h7] [#]} g6 13. Qh4 Qc6 {The position is equal.} 14. Bh6 {Hoping for Bb5!}
Re8 $1 {[#]} 15. Qf6 $1 {[%csl Gh6][%cal Rf6g7]} Bf8 {Strongly threatening ...
Rxe1+.} 16. Qxc6 Rxe1+ 17. Rxe1 {Intending Re8! and mate.} bxc6 18. Re8 {
[%csl Gh6][%cal Re8f8]} Bb7 19. Rxa8 Bxa8 20. Bxf8 Kxf8 $11 {[%mdl 4096]
Endgame KB-KB} 21. c4 c5 22. cxd5 Bxd5 23. c4 Be6 24. f4 {[#]} f5 $146 ({
Predecessor:} 24... Ke7 25. Kf2 h5 26. g3 f5 27. Ke3 Kd6 28. h4 Kc6 29. Kd2 Kd6
30. Kc3 Bd7 {1/2-1/2 (30) Nisipeanu,L (2674)-Abasov,N (2629) Austria 2019}) 25.
Kf2 Ke7 26. Ke3 Kd6 27. g3 Bd7 28. Kd2 Bc6 29. Kc3 Kc7 30. h4 h5 {An
uneventful encounter.  Weighted Error Value: White=0.03/Black=0.03} 1/2-1/2

[Event "FIDE Chesscom Grand Swiss 2021"]
[Site "Riga"]
[Date "2021.10.31"]
[Round "5.9"]
[White "Vitiugov, Nikita"]
[Black "Sarana, Alexey"]
[Result "1/2-1/2"]
[WhiteElo "2727"]
[BlackElo "2649"]
[Annotator "TA"]
[PlyCount "46"]
[EventDate "2021.10.27"]
[EventType "swiss"]
[EventCountry "LAT"]
[Tiebreak "Cut1 Buchholz+Sonneborn-Berger (Swiss)"]
[SourceTitle "playchess.com"]
[Source "ChessBase"]
[SourceQuality "1"]

{[%evp 17,46,10,6,3,29,28,25,25,25,25,25,18,19,17,18,17,26,18,51,43,36,37,43,
19,21,0,44,0,22,0,38]} 1. e4 c5 2. Nf3 d6 3. d4 cxd4 4. Nxd4 Nf6 5. Nc3 a6 6.
Be2 e5 7. Nb3 Be7 8. O-O O-O 9. Be3 Be6 10. Re1 {B92: Sicilian Najdorf: 6 Be2.}
h6 {[#]} 11. a4 $146 ({Predecessor:} 11. Qd3 Nc6 12. a3 Rc8 13. Nd5 Nd7 14.
Rad1 Bg5 15. Bxg5 Qxg5 16. c3 Qd8 17. Nd2 Nc5 {1-0 (49) Malek,S (2163)
-Palladino,M (2242) ICCF email 2018}) 11... Nc6 12. Bf3 {White has an edge.}
Na5 13. Nxa5 Qxa5 14. Bd2 Qc5 15. a5 Rac8 16. Be3 Qb4 17. Qc1 {[#] Hoping for
Ra4.} Bd7 18. Rd1 Bc6 19. h3 Rfe8 ({Not} 19... Nxe4 $2 20. Bxe4 Bxe4 21. Ra4
$18) ({But not} 19... Bxe4 $2 20. Ra4 $18) 20. Bd2 {Black must now prevent Nd5.
} Qc5 21. Be3 Qb4 22. Bd2 Qc5 23. Be3 Qb4 {Weighted Error Value: White=0.08/
Black=0.05} 1/2-1/2

[Event "FIDE Chesscom Grand Swiss 2021"]
[Site "Riga"]
[Date "2021.10.31"]
[Round "5.10"]
[White "Donchenko, Alexander"]
[Black "Esipenko, Andrey"]
[Result "1/2-1/2"]
[WhiteElo "2648"]
[BlackElo "2720"]
[Annotator "TA"]
[PlyCount "56"]
[EventDate "2021.10.27"]
[EventType "swiss"]
[EventCountry "LAT"]
[Tiebreak "Cut1 Buchholz+Sonneborn-Berger (Swiss)"]
[SourceTitle "playchess.com"]
[Source "ChessBase"]
[SourceQuality "1"]

{[%evp 13,56,7,22,16,14,10,70,70,124,0,0,0,0,0,0,0,42,39,42,0,0,0,0,0,0,0,0,0,
0,0,0,0,0,0,0,0,0,0,0,0,0,0,0,0,0]} 1. d4 Nf6 2. c4 e6 3. Nc3 Bb4 4. f3 d6 5.
e4 c5 6. d5 O-O 7. Nge2 b5 8. Nf4 {E20: Nimzo-Indian: 4 g3 and 4 f3.} ({
Of course not} 8. cxb5 exd5 9. exd5 Nbd7 $15) 8... exd5 9. Nfxd5 {[#]} Bb7 $146
(9... Nxd5 $11 10. Qxd5 Qb6) ({Predecessor:} 9... Nxd5 10. Qxd5 Qb6 11. Bf4 {
1/2-1/2 (11) Berkes,F (2661)-Donchenko,A (2657) Skalica 2020}) 10. Nxb4 $14 {
White is slightly better.} ({Not} 10. cxb5 Nxd5 11. exd5 Re8+ 12. Be2 Qe7 $17)
10... cxb4 11. Nd5 (11. Nxb5 $16 Nxe4 12. fxe4 Qh4+ 13. Kd2) 11... Nxd5 $11 12.
cxd5 f5 13. Bd3 fxe4 14. Bxe4 Nd7 15. O-O Nc5 16. Be3 (16. Bc2 {is more
complex.} a5 17. Be3 Re8 18. Re1 Qf6 19. Qd2) 16... Nxe4 {The position is
equal.} 17. fxe4 Rxf1+ $1 18. Qxf1 Qe7 19. Qxb5 {Black must now prevent Re1.}
Qxe4 {[%mdl 64] [#] Double Attack} 20. Qxb7 {[%mdl 64] Double Attack} Qxe3+ {
[%mdl 4096] Endgame KQR-KQR} 21. Kh1 Rf8 22. Qxb4 Qd3 {( -> ...Rf1+)} 23. h3
Qxd5 24. Qa4 Rf2 {[%csl Gf2][%cal Rd5g2] [#]} 25. Qe8+ Rf8 26. Qa4 Rf2 {
[%csl Gf2][%cal Rd5g2]} 27. Qe8+ Rf8 28. Qa4 Rf2 {[%csl Gf2][%cal Rd5g2]
Weighted Error Value: White=0.14/Black=0.08} 1/2-1/2